书目信息 |
| 书名: | How to Master the Art of Selling | |
| 作者: | Tom Hopkins | |
| 分册号: | ||
| 分册名: | 出版地: | NEW YORK |
|
| 出版社: | BUSINESS PLUS | |
| 出版时间: | 2005 | |
| 页数: | 387P | |
| 开本: | 23CM | |
| 丛书名: | ||
| 中图分类号: | ||
| 科图分类号: | ||
| 其他分类号: | F713.3 | |
| 主题词: | ||
| 电子资源: | ||
| 000 | 00395nam0 2200145 450 | |
| 001 | 202012001268 | |
| 005 | 20121107171741.0 | |
| 008 | 12110601s | |
| 020 | @a9780446692748@c$15.99 | |
| 099 | @dF713.3@eT6551 | |
| 245 | 10 | @aHow to Master the Art of Selling@cTom Hopkins |
| 260 | 0 | @aNEW YORK@bBUSINESS PLUS@c2005 |
| 300 | @a387P@c23CM | |
| 905 | @b10405 | |
| 905 | @aTSG@dF713.3@eT6551 | |
| How to Master the Art of Selling / Tom Hopkins.-NEW YORK : BUSINESS PLUS , 2005 |
| 387P ; 23CM |
| ISBN 9780446692748$15.99 |
| ● |
| 相关链接 |
|
|
|
正题名:How to Master the Art of Selling
索取号:F713.3/T6551
 
预约/预借
| 序号 | 登录号 | 条形码 | 馆藏地/架位号 | 状态 | 备注 |
| 1 | 10405 | 300104054 | 社科库409/409社科库 41排2列5层/ [索取号:F713.3/T6551] | 在馆 |